Saber pedagógico: una visión alternativa
Guardat en:
| Autor principal: | |
|---|---|
| Format: | Llibre |
| Idioma: | espanyol |
| Publicat: |
Bogotá
Magisterio
1997
|
| Edició: | 2a. ed |
| Col·lecció: | Colección Mesa Redonda, 7
|
| Matèries: | |
| Etiquetes: |
Afegir etiqueta
Sense etiquetes, Sigues el primer a etiquetar aquest registre!
|
MARC
| LEADER | 00000nam a2200000 a 4500 | ||
|---|---|---|---|
| 001 | UCL8833 | ||
| 003 | CL-VaPUC | ||
| 008 | 040709e19970000CK |||||||||||||||||spa|d | ||
| 020 | |a 9582000570 | ||
| 082 | 0 | 4 | |a 370.7 |b GAL |2 21 |
| 100 | |a Gallego-Badillo, Rómulo |e author |9 486775 | ||
| 245 | 1 | 0 | |a Saber pedagógico: una visión alternativa |
| 250 | |a 2a. ed | ||
| 300 | |a 142 p | ||
| 942 | |c BK | ||
| 945 | |d 20040709 00:00:00 |a cmena | ||
| 260 | |a Bogotá |b Magisterio |c 1997 | ||
| 650 | 0 | |a Formación profesional de profesores |9 307493 | |
| 650 | 0 | |a Investigación educacional |9 261192 | |
| 650 | 0 | |a Métodos de investigación |9 262618 | |
| 650 | 0 | |a Rol del docente |9 329733 | |
| 583 | |a last modification |c 20040709 00:00:00 |k Rodrigo Vera | ||
| 490 | 0 | |a Colección Mesa Redonda, 7 | |
| 999 | |c 309939 |d 309937 | ||
| 952 | |0 0 |1 0 |4 0 |6 370_700000000000000_GAL_1997 |7 0 |8 A |9 377820 |a BIBTEO |b BIBTEO |d 2019-11-21 |i 4033701 |o 370.7 GAL 1997 |p 4033701 |r 2025-01-17 |w 2019-11-21 |y BK |k ICR | ||